|
|
|
|
| LEADER |
00638nam a22002052a 4500 |
| 001 |
001740466 |
| 003 |
CZ BrMZK |
| 005 |
20200402134739.0 |
| 007 |
ta |
| 008 |
200402s1952 xr er|||||||||||cze d |
| 040 |
|
|
|a BOA001
|b cze
|e aacr2
|
| 100 |
1 |
|
|a Janulík, Jan
|4 aut
|
| 245 |
1 |
0 |
|a Evidence našeho obyvatelstva :
|b projev /
|c Jan Janulík
|
| 260 |
|
|
|a Praha :
|b ČTK,
|c [1952]
|
| 300 |
|
|
|a 1 svazek (nestránkováno)
|
| 500 |
|
|
|a Příloha dokumentační a studijní redakce
|
| 910 |
|
|
|a BOA001
|b X2-0299.438
|
| 990 |
|
|
|a BK
|
| 991 |
|
|
|b 202004
|
| 996 |
6 |
|
|b 2618851330
|c X2-0299.438
|l MZK
|r Sklad / do 24 hodin
|n 0
|w 001792251
|u 000010
|a 1
|e BOA001
|j MZK50
|s P
|